Gettysburg Address - Statistics

General Stats
  • This quiz has been taken 22 times
  • The average score is 110 of 266
Answer Stats
Answer % Correct
for
92%
a
85%
and
85%
ago
77%
fathers
77%
on
77%
our
77%
forth
69%
seven
69%
the
69%
The
69%
years
69%
brought
62%
Fourscore
62%
men
62%
this
62%
created
54%
equal
54%
of
54%
thus
54%
to
54%
we
54%
all
46%
are
46%
civil
46%
continent
46%
dead
46%
dedicate
46%
gave
46%
great
46%
in
46%
nation
46%
new
46%
not
46%
now
46%
or
46%
so
46%
that
46%
war
46%
who
46%
any
38%
as
38%
battlefield
38%
But
38%
but
38%
can
38%
come
38%
conceived
38%
consecrate
38%
dedicated
38%
endure
38%
engaged
38%
ground
38%
hallow
38%
have
38%
here
38%
here.
38%
is
38%
liberty
38%
live
38%
lives
38%
long
38%
people
38%
portion
38%
proposition
38%
testing
38%
their
38%
these
38%
those
38%
whether
38%
be
31%
brave
31%
by
31%
cannot
31%
do
31%
field
31%
final
31%
government
31%
it
31%
It
31%
larger
31%
last
31%
living
31%
met
31%
might
31%
place
31%
proper
31%
resting
31%
sense
31%
us
31%
will
31%
altogether
23%
devotion
23%
died
23%
fitting
23%
fought
23%
from
23%
nor
23%
perish
23%
shall
23%
should
23%
they
23%
world
23%
before
15%
earth
15%
freedom
15%
full
15%
measure
15%
power
15%
struggled
15%
task
15%
what
15%
above
8%
add
8%
advanced.
8%
cause
8%
consecrated
8%
detract.
8%
did
8%
far
8%
forget
8%
God
8%
honored
8%
increased
8%
little
8%
never
8%
nobly
8%
note
8%
poor
8%
rather
8%
remaining
8%
remember
8%
say
8%
take
8%
under
8%
unfinished
8%
which
8%
work
8%
birth
0%
highly
0%
resolve
0%
vein
0%
No matching quizzes found
Score Distribution
Percent of People with Each Score
Percentile by Number Answered
Your Score History
You have not taken this quiz